[Event "Graz op A"]
[Site "Graz"]
[Date "2001.09.03"]
[Round "3.15"]
[White "Winiwarter, Felix"]
[Black "Fauland, Peter"]
[Result "1/2-1/2"]
[WhiteElo "2141"]
[BlackElo "2270"]
[PlyCount "97"]


1. d4 Nf6 2. Nf3 g6 3. c4 Bg7 4. Nc3 d6 5. g3 O-O 6. Bg2 Nbd7 7. O-O e5 8. e4
h6 9. h3 Qe7 10. d5 Nh7 11. Nh4 Qe8 12. Qc2 a6 13. Bd2 Nb6 14. b3 f5 15. exf5
gxf5 16. Rae1 Qh5 17. f4 e4 18. Nxe4 fxe4 19. Bxe4 Bd4+ 20. Kh2 Qf7 21. Bc3
Bxc3 22. Qxc3 Nf6 23. Bg6 Qg7 24. Re3 Bd7 25. Rfe1 Be8 26. Nf5 { } 26... Ng4+
27. hxg4 Qxc3 28. Rxc3 Bxg6 29. Nxh6+ Kg7 30. g5 Rae8 31. Re6 Rxe6 32. dxe6 d5
33. e7 Rh8 34. Kg1 d4 35. Rc1 Nc8 36. Re1 Nd6 37. f5 Be8 38. Kf2 Nf7 39. Nxf7
Kxf7 40. Kf3 Bd7 41. Kf4 d3 42. g6+ Kf6 43. g4 d2 44. g5+ Kg7 45. Rd1 Rh2 46.
Kg3 Re2 47. Kf3 Rh2 48. Kg3 Re2 49. Kf3 1/2-1/2

[Event "Graz op A"]
[Site "Graz"]
[Date "2001.09.03"]
[Round "3.16"]
[White "Deutsch, Ludwig"]
[Black "Havlicek, Josef"]
[Result "0-1"]
[WhiteElo "2266"]
[BlackElo "2144"]
[PlyCount "103"]


1. d4 d5 2. Nf3 Nf6 3. c4 e6 4. Nc3 Nbd7 5. e3 c6 6. Bd3 Bd6 7. O-O O-O 8. Re1
dxc4 9. Bxc4 b5 10. Bd3 b4 11. Ne2 c5 12. e4 c4 13. Bb1 e5 14. a3 b3 15. Nc3
Ba6 16. h3 h6 17. Be3 Re8 18. d5 Bc5 19. Qd2 Bxe3 20. Rxe3 Rc8 21. Qe2 Nc5 22.
Nd2 Re7 23. Rg3 Nfd7 24. Nf1 Kf8 25. Ne3 g6 26. Qf3 Qb6 27. h4 Qf6 28. Qg4 h5
29. Qh3 Nb6 30. Rf3 Qd6 31. Qg3 Nca4 32. Ned1 Kg7 33. Qg5 f6 34. Qd2 Rd7 35.
Rg3 Kh7 36. f4 exf4 37. Rf3 Qe5 38. Rxf4 Rd6 39. Rf3 Re8 40. Qf2 Nxc3 41. Nxc3
Kg7 42. a4 Re7 43. a5 Nc8 44. Ra4 Rb7 45. Qc5 Ne7 46. Rf2 Rd8 47. Rb4 { } 47...
Rc8 48. Qe3 Rxb4 49. Qxa7 Bb7 50. Rd2 Qd6 51. Qf2 Qc5 52. Rd4 {
Rest unleserlich!} 0-1

[Event "Graz op A"]
[Site "Graz"]
[Date "2001.09.03"]
[Round "3.17"]
[White "Pesorda, Ivan"]
[Black "Ferrari, Josef"]
[Result "1-0"]
[WhiteElo "2248"]
[BlackElo "2141"]
[PlyCount "76"]
entDate "2001.??.??"]

1. d4 d5 2. c4 e6 3. Nc3 c5 4. cxd5 exd5 5. Nf3 Nc6 6. g3 Nf6 7. Bg2 Be7 8. O-O
cxd4 9. Nxd4 O-O 10. b3 Qb6 11. Be3 Qa5 12. Nxc6 bxc6 13. Qc2 Re8 14. Rfd1 Bg4
15. a3 Qa6 16. Bf1 Qc8 17. Na4 Bf5 18. Qb2 Bh3 19. Bg2 Bxg2 20. Kxg2 20... c5 {
} 21. Bxc5 Bxc5 22. Rac1 Bxa3 23. Rxc8 Bxb2 24. Rxa8 Rxa8 25. Nxb2 Rb8 26. Ra1
Rb7 27. Nd3 Kf8 28. b4 g6 29. Kf3 Kg7 30. Ke3 Re7+ 31. Kd4 Re4+ 32. Kc5 Rxe2
33. Rxa7 Rc2+ 34. Kd4 Rc4+ 35. Ke5 Re4+ 36. Kd6 Re6+ 37. Kc5 h5 38. b5 Ne4+ 1-0

[Event "Graz op A"]
[Site "Graz"]
[Date "2001.09.03"]
[Round "3.18"]
[White "Karner, Christoph"]
[Black "Halser, Walter"]
[Result "0-1"]
[WhiteElo "2240"]
[BlackElo "2119"]
[PlyCount "64"]


1. d4 e6 2. c4 f5 3. g3 Nf6 4. Bg2 Be7 5. Nf3 O-O 6. O-O c6 7. b3 d5 8. Ba3 a5
9. Bxe7 Qxe7 10. Nbd2 Bd7 11. Ne5 Be8 12. Ndf3 Nbd7 13. Nd3 Ne4 14. c5 g5 15.
Nfe5 Nxe5 16. Nxe5 Qg7 17. Qc1 Nf6 18. a3 Nd7 19. f4 Nxe5 20. fxe5 Bh5 21. Qd2
a4 22. b4 { } 22... f4 23. gxf4 gxf4 24. Kh1 Qh6 25. Bf3 Bg6 26. Qb2 Kh8 27. b5
Be4 28. b6 Rg8 29. Rg1 Qh3 30. Bxe4 dxe4 31. d5 f3 32. Qd2 f2 0-1

[Event "Graz op A"]
[Site "Graz"]
[Date "2001.09.03"]
[Round "3.19"]
[White "Kainrath, Florian"]
[Black "Bylino, Oleg"]
[Result "1/2-1/2"]
[WhiteElo "2128"]
[BlackElo "2237"]
[PlyCount "40"]


1. e4 c5 2. d4 cxd4 3. c3 d5 4. exd5 Nf6 5. Qa4+ Nbd7 6. Qxd4 Qa5 7. Nf3 Qxd5
8. Bc4 Qxd4 9. Nxd4 a6 10. O-O e6 11. Re1 Bc5 12. Bf4 O-O 13. Nd2 b5 14. Be2
Bb7 15. Bf3 Bd5 16. N2b3 Bxf3 17. Nxf3 Rfc8 18. Rad1 Nd5 19. Bg3 N7b6 20. Ne5
Bf8 1/2-1/2

[Event "Graz op A"]
[Site "Graz"]
[Date "2001.09.03"]
[Round "3.20"]
[White "Vodep, Otto"]
[Black "Nickl, Klaus"]
[Result "1-0"]
[WhiteElo "2121"]
[BlackElo "2233"]
[PlyCount "65"]


1. d4 Nf6 2. Nf3 g6 3. Nc3 d5 4. Bf4 Bg7 5. e3 O-O 6. Be2 a6 7. Ne5 b6 8. h4
Bb7 9. h5 Nfd7 10. hxg6 hxg6 11. Bd3 Nc6 12. Nxc6 Bxc6 13. Qg4 Nf6 14. Qh4 Re8
15. Be5 e6 16. g4 Kf8 17. Rh3 Qe7 18. O-O-O Rec8 19. Rdh1 19... Be8 { } 20. Rf3
Ng8 21. Bxg7+ Kxg7 22. Qh8+ Kf8 23. Bxg6 Qg5 24. Bxf7 Bxf7 25. Rh7 Qg6 26. g5
c5 27. Rf6 Qxh7 28. Qxh7 Nxf6 29. gxf6 Ke8 30. dxc5 bxc5 31. Na4 Ra7 32. Nb6
Rc6 33. Qh8+ 1-0

[Event "Graz op A"]
[Site "Graz"]
[Date "2001.09.03"]
[Round "3.21"]
[White "Krebs, Johann"]
[Black "Jahrer, Michael"]
[Result "1-0"]
[WhiteElo "2208"]
[BlackElo "2113"]
[PlyCount "132"]


1. d4 Nf6 2. c4 e6 3. Nf3 b6 4. g3 Ba6 5. Nbd2 Be7 6. Bg2 c6 7. O-O O-O 8. Qc2
d5 9. Rd1 Nbd7 10. b3 Rc8 11. e4 dxe4 12. Nxe4 Bb7 13. Ne5 Qc7 14. Bf4 Nxe5 15.
Bxe5 Qd8 16. c5 Nd5 17. Bd6 Ba6 18. h4 Bxd6 19. Nxd6 Rc7 20. Rac1 Qd7 21. Qd2
Rb8 22. b4 Nf6 23. a3 Ne8 24. Ne4 Rd8 25. Ng5 e5 26. Qc2 h6 27. dxe5 Bd3 28.
Qc3 hxg5 29. Bf1 gxh4 30. Bxd3 Qe7 31. gxh4 Qxh4 32. Be2 Qg5+ 33. Kf1 g6 34.
Rxd8 Qxd8 35. cxb6 axb6 36. Rd1 Qc8 37. Qg3 Ng7 38. Bg4 Qb8 39. Qh4 Qf8 40. Kg2
Ne8 41. Bd7 41... Ng7 { } 42. Rh1 Nh5 43. Bg4 Qe7 44. Qxe7 Rxe7 45. Bxh5 gxh5
46. Rxh5 Kg7 47. Rg5+ Kf8 48. Rf5 c5 49. bxc5 bxc5 50. Kf1 Ke8 51. e6 Rxe6 52.
Rxc5 Ra6 53. Rc3 f5 54. Ke2 Kf7 55. Kd3 Ra4 56. Kc2 Kf6 57. Kb3 Rf4 58. Rc2 Re4
59. a4 Ke5 60. a5 Kd6 61. a6 f4 62. a7 Re8 63. Ra2 Ra8 64. Kc4 Ke5 65. Kc5 Ke4
66. Ra3 f3 1-0

[Event "Graz op A"]
[Site "Graz"]
[Date "2001.09.03"]
[Round "3.22"]
[White "Hatzl, Stefan"]
[Black "Hoellrigl, Wilfried"]
[Result "1/2-1/2"]
[WhiteElo "2119"]
[BlackElo "2196"]
[PlyCount "57"]


1. e4 c5 2. c3 Nf6 3. e5 Nd5 4. d4 cxd4 5. cxd4 g6 6. Nc3 Nxc3 7. bxc3 Bg7 8.
Bd3 O-O 9. Ne2 d6 10. exd6 Qxd6 11. O-O e5 12. a4 Rd8 13. Ba3 Qc7 14. Qb1 Nc6
15. Rc1 Be6 16. Qb5 a6 17. Qb2 Qd7 18. Rab1 Rab8 19. Qb6 exd4 20. cxd4 Nxd4 21.
Rc7 Nf3+ 22. gxf3 Qxd3 23. Nf4 Qxa3 24. Nxe6 fxe6 25. Rxb7 Rbc8 26. Qxe6+ 26...
Kh8 { } 27. Rxg7 Rc1+ 28. Kg2 Rxb1 29. Rg8+ 1/2-1/2

[Event "Graz op A"]
[Site "Graz"]
[Date "2001.09.03"]
[Round "3.25"]
[White "Thieme, Steffen"]
[Black "Spirk, Stefan"]
[Result "1/2-1/2"]
[WhiteElo "2165"]
[BlackElo "2080"]
[PlyCount "39"]


1. d4 Nf6 2. Bg5 e6 3. Nd2 d5 4. e3 Nbd7 5. Bd3 h6 6. Bh4 c5 7. c3 Qb6 8. Qb3
c4 9. Qxb6 axb6 10. Bc2 b5 11. a3 { } 11... b4 12. cxb4 Bxb4 13. Ngf3 b5 14.
O-O Ba5 15. Nb1 Ne4 16. Bxe4 dxe4 17. Nfd2 Bb7 18. a4 Bb4 19. Nc3 Bxc3 20. bxc3
1/2-1/2

[Event "Graz op A"]
[Site "Graz"]
[Date "2001.09.03"]
[Round "3.26"]
[White "Holzbauer, Johann"]
[Black "Spiesberger, Gerhard"]
[Result "1/2-1/2"]
[WhiteElo "2152"]
[BlackElo "2042"]
[PlyCount "47"]


1. d4 d5 2. Bf4 Nf6 3. Nf3 Bg4 4. e3 e6 5. Nbd2 Bd6 6. h3 Bh5 7. Bd3 Bg6 8. Ne5
Bxd3 9. cxd3 O-O 10. O-O c5 11. dxc5 Bxc5 12. Rc1 Bb6 13. Ndf3 Nbd7 14. Bg5 { }
14... Qe8 15. Nxd7 Nxd7 16. d4 f6 17. Bf4 Qe7 18. Qb3 Rac8 19. Rc3 Rc6 20. Rfc1
Rfc8 21. Qb5 Rxc3 22. Rxc3 Qd8 23. Qb4 Kf7 24. Qb3 1/2-1/2

[Event "Graz op A"]
[Site "Graz"]
[Date "2001.09.03"]
[Round "3.28"]
[White "Hansen, Kay"]
[Black "Wagner, Stephan"]
[Result "1/2-1/2"]
[WhiteElo "2236"]
[BlackElo "2100"]
[PlyCount "44"]


1. d4 d5 2. c4 e6 3. Nc3 f5 4. Bf4 c6 5. e3 Nf6 6. Nf3 Bd6 7. Bxd6 Qxd6 8. c5
Qc7 9. Be2 O-O 10. O-O Nbd7 11. b4 e5 12. Qb3 Ne4 13. Rac1 Kh8 14. Rfd1 Nxc3
15. Qxc3 e4 16. Nd2 Nf6 17. a4 17... f4 { } 18. f3 Bf5 19. Rf1 fxe3 20. Qxe3
Rae8 21. Qg5 exf3 22. Bxf3 Bd3 1/2-1/2

[Event "Graz op A"]
[Site "Graz"]
[Date "2001.09.03"]
[Round "3.29"]
[White "Perhinig, Robert"]
[Black "Bozinovic, Boban"]
[Result "0-1"]
[WhiteElo "2191"]
[BlackElo "2099"]
[PlyCount "68"]


1. d4 Nf6 2. c4 c5 3. d5 e6 4. Nc3 exd5 5. cxd5 d6 6. e4 g6 7. Nf3 Bg7 8. Bd3
O-O 9. O-O Re8 10. Re1 Na6 11. h3 Nc7 12. Bf4 b5 13. Qc2 c4 14. Bf1 b4 15. Nd1
Na6 16. Bxc4 Nc5 17. Nd2 Bb7 18. Kf1 a5 19. f3 Nh5 20. Bh2 f5 21. Nf2 f4 22.
Nb3 Nd7 23. Rad1 Qb6 24. Nd3 Rac8 25. Nd2 Ne5 26. Nxe5 26... Bxe5 { } 27. g4
fxg3 28. Bg1 Bd4 29. Bxd4 Qxd4 30. Nb3 Qxc4+ 31. Qxc4 Rxc4 32. Nxa5 Rc2 33.
Nxb7 Rf2+ 34. Kg1 Nf4 0-1

[Event "Graz op A"]
[Site "Graz"]
[Date "2001.09.03"]
[Round "3.30"]
[White "Fruehauf, Norbert"]
[Black "Wieser, Andreas"]
[Result "0-1"]
[WhiteElo "2095"]
[BlackElo "2156"]
[PlyCount "72"]


1. e4 e5 2. Nf3 Nc6 3. Bb5 a6 4. Ba4 Nf6 5. O-O Be7 6. Re1 b5 7. Bb3 d6 8. c3
O-O 9. h3 Re8 10. d3 h6 11. Nbd2 Bf8 12. Nf1 Na5 13. Bc2 c5 14. g4 g6 15. Ng3
Bg7 16. Be3 Bb7 17. Qd2 Kh7 18. Kh2 Qc7 19. g5 Ng8 20. gxh6 Nxh6 21. Ng5+ Kg8
22. b4 cxb4 23. cxb4 Nc6 24. Bb3 Nd4 25. Bxd4 exd4 26. Rac1 Qd7 27. f4 Rac8 28.
f5 gxf5 29. Nxf5 Rxc1 30. Rxc1 d5 31. Nxg7 { } 31... Qd6+ 32. Kh1 dxe4 33. Nxe4
Rxe4 34. dxe4 Bxe4+ 35. Kg1 Qg3+ 36. Kf1 Bd3+ 0-1

[Event "Graz op A"]
[Site "Graz"]
[Date "2001.09.03"]
[Round "3.31"]
[White "Rodriguez, Jean-Pierre"]
[Black "Neubauer, Anton"]
[Result "0-1"]
[WhiteElo "2055"]
[BlackElo "2148"]
[PlyCount "52"]


1. d4 d5 2. e3 Nf6 3. Bd3 e6 4. Nd2 c5 5. c3 b6 6. Qe2 Bb7 7. Ngf3 Be7 8. Ne5
O-O 9. O-O Nbd7 10. f4 Ne4 11. Bb5 Nxe5 12. fxe5 f5 13. g3 a6 14. Bd3 c4 15.
Bc2 Bc6 16. Nf3 Be8 17. Bd2 Bh5 18. Qg2 Kh8 19. Bd1 Qe8 20. Rc1 g5 21. Kh1 Qg6
22. Ng1 Rg8 23. Bxh5 Qxh5 24. Rc2 Rg6 25. Qh3 Rh6 26. Kg2 { } 26... Qg6 0-1

[Event "Graz op A"]
[Site "Graz"]
[Date "2001.09.04"]
[Round "4.1"]
[White "Galdunts, Sergey"]
[Black "Eingorn, Vereslav"]
[Result "1/2-1/2"]
[WhiteElo "2514"]
[BlackElo "2598"]
[PlyCount "28"]


1. e4 c5 2. Nf3 g6 3. d4 cxd4 4. Qxd4 Nf6 5. e5 Nc6 6. Qa4 Nd5 7. Qe4 Nc7 8.
Nc3 Bg7 9. Bc4 b5 10. Bb3 Bb7 11. O-O Na5 12. Qg4 Nxb3 13. axb3 O-O 14. Re1 a6
1/2-1/2

[Event "Graz op A"]
[Site "Graz"]
[Date "2001.09.04"]
[Round "4.2"]
[White "Burmakin, Vladimir"]
[Black "Rogulj, Branko"]
[Result "1-0"]
[WhiteElo "2593"]
[BlackElo "2460"]
[PlyCount "72"]


1. d4 Nf6 2. Nf3 g6 3. c4 Bg7 4. Nc3 d5 5. e3 O-O 6. Qb3 c6 7. Bd2 e6 8. Bd3
Nbd7 9. O-O Nb6 10. Rfd1 Re8 11. e4 dxc4 12. Bxc4 Nxc4 13. Qxc4 a5 14. e5 Nd5
15. Ne4 h6 16. Qc1 Kh7 17. h3 f5 18. exf6 Nxf6 19. Nxf6+ Qxf6 20. Bf4 Rd8 21.
Be5 Qe7 22. Re1 Rd5 23. Re4 Bd7 24. Bxg7 Kxg7 25. Ne5 Rf8 26. Qe3 Bc8 27. Rg4
Rf6 28. Qg3 Qe8 29. Rc1 h5 30. Rg5 Kh7 31. Qh4 Rf5 32. Qg3 32... Rf6 { } 33.
Rc3 Rxd4 34. h4 Qd8 35. Rxg6 Qf8 36. Rxf6 Qxf6 1-0

[Event "Graz op A"]
[Site "Graz"]
[Date "2001.09.04"]
[Round "4.3"]
[White "Konopka, Michal"]
[Black "Epishin, Vladimir"]
[Result "1/2-1/2"]
[WhiteElo "2479"]
[BlackElo "2583"]
[PlyCount "29"]


1. Nf3 g6 2. c4 Bg7 3. d4 Nf6 4. g3 O-O 5. Bg2 c6 6. O-O d5 7. cxd5 cxd5 8. Ne5
e6 9. Nc3 Nfd7 10. f4 Nb6 11. b3 Bd7 12. a4 Bc6 13. Ba3 Re8 14. e3 a5 15. Qe2
1/2-1/2

[Event "Graz op A"]
[Site "Graz"]
[Date "2001.09.04"]
[Round "4.4"]
[White "Polak, Tomas"]
[Black "Pavasovic, Dusko"]
[Result "1/2-1/2"]
[WhiteElo "2481"]
[BlackElo "2539"]
[PlyCount "29"]


1. d4 d5 2. c4 e6 3. Nf3 c6 4. e3 Bd6 5. Bd3 f5 6. O-O Nf6 7. b3 Qe7 8. Bb2 O-O
9. Qc1 b6 10. Ba3 Bb7 11. Bxd6 Qxd6 12. Nc3 Ne4 13. Ne5 Nd7 14. Nxd7 Qxd7 15.
f3 1/2-1/2

[Event "Graz op A"]
[Site "Graz"]
[Date "2001.09.04"]
[Round "4.5"]
[White "Zelcic, Robert"]
[Black "Bogdanov, Valentin"]
[Result "1/2-1/2"]
[WhiteElo "2534"]
[BlackElo "2384"]
[PlyCount "81"]


1. e4 e6 2. d4 d5 3. Nd2 a6 4. Ngf3 c5 5. exd5 exd5 6. dxc5 Bxc5 7. Nb3 Ba7 8.
Qe2+ Qe7 9. Bg5 Qxe2+ 10. Bxe2 Nc6 11. O-O f6 12. Bf4 Bf5 13. c3 Nge7 14. Rad1
g5 15. Bg3 h5 16. Bd6 Bc2 17. Rd2 Bxb3 18. axb3 Rd8 19. Ba3 h4 20. Bxe7 Kxe7
21. Re1 Kf8 22. h3 { } 22... Rh7 23. Red1 Rhd7 24. Bc4 d4 25. Be6 Rd6 26. Bf5
Ke7 27. Re1+ Kf8 28. Red1 Ke7 29. Be4 dxc3 30. bxc3 Rxd2 31. Nxd2 Na5 32. Bf3
Rd3 33. b4 Nc6 34. Re1+ Ne5 35. Nc4 Rxc3 36. Nxe5 fxe5 37. Bxb7 Rc2 38. Rf1 Ra2
39. Be4 Bd4 40. Bb1 Ra3 41. Be4 1/2-1/2

[Event "Graz op A"]
[Site "Graz"]
[Date "2001.09.04"]
[Round "4.6"]
[White "Krivoshey, Sergei"]
[Black "Stanec, Nikolaus"]
[Result "1/2-1/2"]
[WhiteElo "2449"]
[BlackElo "2530"]
[PlyCount "24"]


1. d4 Nf6 2. c4 e6 3. Nf3 b6 4. g3 Ba6 5. Nbd2 Bb4 6. Qc2 Bb7 7. Bg2 Be4 8. Qb3
Bxd2+ 9. Bxd2 O-O 10. O-O d6 11. Bc3 Nbd7 12. Bh3 Bb7 1/2-1/2

[Event "Graz op A"]
[Site "Graz"]
[Date "2001.09.04"]
[Round "4.8"]
[White "Teske, Henrik"]
[Black "Niklasch, Oliver"]
[Result "1-0"]
[WhiteElo "2486"]
[BlackElo "2349"]
[PlyCount "93"]


1. Nf3 Nf6 2. d4 e6 3. c4 b6 4. g3 Ba6 5. Nbd2 d5 6. Bg2 Be7 7. O-O O-O 8. b3
c6 9. Re1 b5 10. c5 b4 11. Ne5 Nfd7 12. Ndf3 Nxe5 13. Nxe5 Bb5 14. Bd2 a5 15.
a3 bxa3 16. Rxa3 Bf6 17. Qa1 Bxe5 18. dxe5 Nd7 19. Qd4 Qc7 20. f4 Ra6 21. e4
Rd8 22. Be3 dxe4 23. Qxe4 Nf8 24. Qc2 Ng6 25. Be4 Qd7 26. Qa2 Qa7 27. Ra1 Ra8
28. Qc2 Qd7 29. Rd1 Qe8 30. Rd6 a4 31. bxa4 Rxa4 32. Rxa4 Bxa4 33. Qb1 Bb5 34.
h4 h6 35. Bxg6 fxg6 36. Qb3 Kf7 { } 37. h5 37... gxh5 38. f5 Kg8 39. Kh2 Ba4
40. Qb7 Rb8 41. Qc7 exf5 42. Bxh6 gxh6 43. Rxh6 Rb2+ 44. Kh3 Bb3 45. Qh7+ Kf8
46. Rf6+ Bf7 47. e6 1-0

[Event "Graz op A"]
[Site "Graz"]
[Date "2001.09.04"]
[Round "4.9"]
[White "Bachmayer, Josef"]
[Black "Okhotnik, Vladimir"]
[Result "0-1"]
[WhiteElo "2170"]
[BlackElo "2446"]
[PlyCount "80"]


1. d4 Nf6 2. Nc3 d5 3. Bg5 c6 4. f3 Qb6 5. Qd2 Qxb2 6. Rb1 Qa3 7. Rb3 Qa5 8. e4
e6 9. e5 Nfd7 10. f4 Nb6 11. Nf3 Bb4 12. a3 Bxc3 13. Rxc3 Na4 14. Re3 Qxd2+ 15.
Kxd2 b5 16. Rg1 Nd7 17. f5 h6 18. Bh4 Ndb6 19. f6 g6 20. Kc1 Nc4 21. Rb3 Nab6
22. Nd2 Bb7 23. Be1 Kd7 24. h4 Nxd2 25. Bxd2 a6 26. g4 Na4 27. Bb4 c5 28. dxc5
Bc6 29. Rgg3 h5 30. g5 Rhb8 31. Ba5 Nxc5 32. Rb1 Rc8 33. Kb2 Bb7 34. Bd3 Rc6
35. Rf1 Rac8 36. Rg2 Ke8 37. Re2 Na4+ 38. Kb3 d4 39. Be4 { } 39... Nc5+ 40. Kb2
Nxe4 0-1

[Event "Graz op A"]
[Site "Graz"]
[Date "2001.09.04"]
[Round "4.10"]
[White "Havlicek, Josef"]
[Black "Kupreichik, Viktor D"]
[Result "1-0"]
[WhiteElo "2144"]
[BlackElo "2443"]
[PlyCount "75"]


1. d4 Nf6 2. c4 e6 3. Nc3 Bb4 4. e3 O-O 5. Bd3 c5 6. Nge2 d5 7. O-O b6 8. Qc2
dxc4 9. Bxc4 Bb7 10. Rd1 cxd4 11. Nxd4 Qc7 12. Ncb5 Qe7 13. a3 Bc5 14. b4 Bxd4
15. Nxd4 Rc8 16. Qe2 Nbd7 17. Bb2 a5 18. b5 Rc5 19. a4 Ne5 20. Bb3 Qc7 21. Rac1
Nd5 22. f4 Nd7 23. f5 e5 24. Nc6 N5f6 25. Ba3 Bxc6 26. bxc6 Rxc6 27. g4 h6 28.
h4 Nc5 29. Bxc5 Rxc5 30. Rxc5 Qxc5 31. g5 31... Qb4 { } 32. Rb1 Nd5 33. gxh6
Qe4 34. Bxd5 Qxb1+ 35. Kh2 Rc8 36. Qg4 Rc2+ 37. Bg2 g6 38. fxg6 {
Rest unleserlich} 1-0

[Event "Graz op A"]
[Site "Graz"]
[Date "2001.09.04"]
[Round "4.11"]
[White "Vodep, Otto"]
[Black "Pesorda, Ivan"]
[Result "1-0"]
[WhiteElo "2121"]
[BlackElo "2248"]
[PlyCount "49"]


1. d4 Nf6 2. Nf3 c5 3. d5 e6 4. Nc3 b5 5. Bg5 Qa5 6. Bxf6 gxf6 7. Nd2 Ba6 8. a3
f5 9. e4 Bg7 10. exf5 Bxc3 11. bxc3 Qxc3 12. fxe6 dxe6 13. dxe6 O-O 14. Be2 Nc6
15. O-O Rad8 16. Ne4 Qe5 17. Bd3 c4 18. Qg4+ Kh8 19. Ng5 19... Qg7 { } 20. Bxh7
f6 21. Be4 fxg5 22. Bxc6 Bc8 23. Qh5+ Kg8 24. Rae1 Qe7 25. Re5 1-0

[Event "Graz op A"]
[Site "Graz"]
[Date "2001.09.04"]
[Round "4.12"]
[White "Halser, Walter"]
[Black "Krebs, Johann"]
[Result "1-0"]
[WhiteElo "2119"]
[BlackElo "2208"]
[PlyCount "57"]


1. e4 c5 2. Nf3 Nc6 3. d4 cxd4 4. Nxd4 g6 5. Nc3 Bg7 6. Be3 Nf6 7. Be2 O-O 8.
Nb3 d6 9. f3 Be6 10. Qd2 a5 11. Nd4 Nxd4 12. Bxd4 Nd7 13. Bxg7 Kxg7 14. h4 h6
15. O-O-O a4 16. a3 Qa5 17. Kb1 Rfc8 18. f4 f6 19. g4 Rh8 20. f5 gxf5 21. gxf5
Bf7 22. Rhg1+ Kh7 { } 23. Bc4 23... Ne5 24. Bxf7 Nxf7 25. Rg6 Rhg8 26. Rdg1 Qb6
27. Qg2 Ng5 28. hxg5 fxg5 29. Qxg5 1-0

[Event "Graz op A"]
[Site "Graz"]
[Date "2001.09.04"]
[Round "4.13"]
[White "Babula, Vlastimil"]
[Black "Thieme, Steffen"]
[Result "1-0"]
[WhiteElo "2566"]
[BlackElo "2165"]
[PlyCount "37"]


1. d4 Nf6 2. c4 g6 3. Nc3 Bg7 4. e4 d6 5. Nf3 O-O 6. Be2 Na6 7. O-O e5 8. Be3
Qe8 9. dxe5 dxe5 10. Nd2 Bd7 11. c5 Qe7 12. Rc1 Rfd8 13. Nd5 Nxd5 14. exd5 e4
15. c6 Bc8 16. Qa4 16... Qb4 { } 17. Rc4 Qxa4 18. Rxa4 bxc6 19. Bxa6 1-0

[Event "Graz op A"]
[Site "Graz"]
[Date "2001.09.04"]
[Round "4.15"]
[White "Wieser, Andreas"]
[Black "Wittmann, Walter"]
[Result "1/2-1/2"]
[WhiteElo "2156"]
[BlackElo "2352"]
[PlyCount "101"]


1. e4 c5 2. Nf3 e6 3. d4 cxd4 4. Nxd4 Nf6 5. Nc3 d6 6. Bg5 Be7 7. f4 h6 8. Bh4
Nxe4 9. Bxe7 Nxc3 10. Bxd8 Nxd1 { } 11. Nb5 11... Ne3 12. Nxd6+ Kxd8 13. Nxf7+
Ke7 14. Nxh8 Nxc2+ 15. Kd2 Nxa1 16. Bd3 Nc6 17. Rxa1 Bd7 18. Ng6+ Kf6 19. Re1
Rd8 20. a3 Be8 21. Ne5 Nxe5 22. fxe5+ Kg5 23. Kc3 Bc6 24. Bc4 Bd5 25. Bd3 Rf8
26. Re2 Rf1 27. Kd4 Rg1 28. g3 Rd1 29. Rf2 Bc6 30. Ke3 Re1+ 31. Kd4 Rd1 32. Ke3
Re1+ 33. Kd4 Kg4 34. Be2+ Kh3 35. Bf1+ Kg4 36. Be2+ Kh3 37. Bf1+ Rxf1 38. Rxf1
Kxh2 39. Rf7 g5 40. Rh7 Kxg3 41. Rxh6 Bd5 42. Ke3 Kg4 43. Rf6 Kg3 44. Rg6 Kg4
45. Rf6 Kg3 46. b4 a6 47. a4 Bb3 48. a5 Bd5 49. Rg6 Kg4 50. Rf6 Kg3 51. Rg6
1/2-1/2

[Event "Graz op A"]
[Site "Graz"]
[Date "2001.09.04"]
[Round "4.16"]
[White "Neubauer, Anton"]
[Black "Titz, Heimo"]
[Result "1/2-1/2"]
[WhiteElo "2148"]
[BlackElo "2282"]
[PlyCount "88"]


1. e4 c5 2. Nf3 Nc6 3. c3 d5 4. exd5 Qxd5 5. d4 Nf6 6. Be2 e6 7. Na3 cxd4 8.
Nb5 Qd8 9. Nbxd4 Nxd4 10. Nxd4 a6 11. O-O Qc7 12. Bf3 Be7 13. Bg5 e5 14. Nb3
Be6 15. Qc2 h6 16. Bd2 O-O 17. Rad1 Rad8 18. Rfe1 b5 19. Qc1 Bf5 20. Be3 Ng4
21. h3 Nf6 22. Rxd8 Rxd8 23. Rd1 Be6 24. Rxd8+ Qxd8 25. Qd2 Qc7 26. Nc1 e4 27.
Bf4 Qc6 28. Bd1 Nd5 29. Nb3 Bf6 30. Be3 Nb6 31. Nd4 Bxd4 32. Qxd4 Bxa2 33. Qd8+
Kh7 34. Bd4 Nd7 35. Bh5 Qe6 36. Bg4 f5 37. Bh5 Nf6 38. Be2 Kg6 39. Kh2 Bc4 40.
Bxc4 bxc4 41. Qc7 41... Nd7 { } 42. Qg3+ Kf7 43. Qxg7+ Ke8 44. Qh8+ Ke7 1/2-1/2

[Event "Graz op A"]
[Site "Graz"]
[Date "2001.09.04"]
[Round "4.17"]
[White "Sulyok, Michael"]
[Black "Kainrath, Florian"]
[Result "0-1"]
[WhiteElo "2278"]
[BlackElo "2128"]
[PlyCount "48"]


1. c4 e5 2. g3 g6 3. Bg2 Bg7 4. Nc3 Nf6 5. e4 O-O 6. Nge2 d6 7. O-O Nc6 8. f4
Nd4 9. Nxd4 exd4 10. Ne2 d3 11. Nc3 Ng4 12. Bf3 Bd4+ 13. Kg2 Nh6 14. g4 Qh4 15.
h3 f5 16. exf5 Nxf5 17. gxf5 Bxf5 18. Bg4 Rae8 19. Bxf5 gxf5 20. Qf3 Kh8 21.
Qxd3 Rg8+ 22. Kh2 { } 22... Be3 23. Rf3 Bxf4+ 24. Kh1 Qxh3+ 0-1

[Event "Graz op A"]
[Site "Graz"]
[Date "2001.09.04"]
[Round "4.19"]
[White "Stuhlik, Marko"]
[Black "Winiwarter, Felix"]
[Result "1/2-1/2"]
[WhiteElo "2246"]
[BlackElo "2141"]
[PlyCount "78"]


1. Nf3 Nf6 2. g3 g6 3. Bg2 Bg7 4. c4 O-O 5. O-O d6 6. d4 Nc6 7. Nc3 a6 8. h3
Rb8 9. Be3 b5 10. Nd2 Bd7 11. Rc1 e5 12. dxe5 Nxe5 13. b3 Re8 14. Nd5 bxc4 15.
Nxf6+ Bxf6 16. Nxc4 Nxc4 17. Rxc4 Be6 18. Re4 Qc8 19. g4 Bd7 20. Rc4 Be6 21.
Rf4 Be5 22. Rf3 c5 23. Bf4 Bxf4 24. Rxf4 Qc7 25. Qc2 d5 26. e3 a5 27. h4 { }
27... Rb4 28. Rxb4 axb4 29. Qb2 Rd8 30. Rc1 Qe7 31. g5 c4 32. Qd4 c3 33. f4 Ra8
34. h5 gxh5 35. Rc2 Bf5 36. Qxd5 Qxe3+ 37. Rf2 Rxa2 38. Qd8+ Kg7 39. Qf6+ Kg8
1/2-1/2

[Event "Graz op A"]
[Site "Graz"]
[Date "2001.09.04"]
[Round "4.20"]
[White "Spirk, Stefan"]
[Black "Zimmermann, Paul"]
[Result "0-1"]
[WhiteElo "2080"]
[BlackElo "2241"]
[PlyCount "102"]


1. c4 Nf6 2. Nf3 c6 3. g3 d5 4. Bg2 Bf5 5. Qb3 Qb6 6. O-O Qxb3 7. axb3 e6 8. d3
Bb4 9. Nd4 Nbd7 10. Bd2 Bxd2 11. Nxd2 Bg6 12. b4 O-O 13. c5 a6 14. N4b3 Rac8
15. h3 e5 16. Rfe1 Rfe8 17. Nf1 Nf8 18. Ne3 Ne6 19. Kf1 Re7 20. Nc2 Rce8 21.
Red1 Nc7 22. e3 h6 23. Na3 Nh7 24. h4 f5 25. d4 f4 26. dxe5 fxe3 27. f4 Bh5 28.
Re1 e2+ 29. Kf2 Rf8 30. Bf3 Bxf3 31. Kxf3 g5 32. Rxe2 gxf4 33. g4 Ne6 34. Nc2 {
} 34... Nhg5+ 35. hxg5 Nxg5+ 36. Kf2 Ne4+ 37. Rxe4 dxe4 38. e6 Rxe6 39. Nbd4
Rg6 40. Nf5 Kh7 41. Rh1 Rd8 42. Nd6 Rgxd6 43. cxd6 Rxd6 44. Ke1 Kg6 45. Rh5 Rd5
46. Rh2 e3 47. Re2 Kg5 48. Rg2 f3 49. Rh2 f2+ 50. Ke2 Rd2+ 51. Kxe3 f1=N+ 0-1

[Event "Graz op A"]
[Site "Graz"]
[Date "2001.09.04"]
[Round "4.21"]
[White "Schein, Karl-Heinz"]
[Black "Zoister, Stefan"]
[Result "0-1"]
[WhiteElo "2240"]
[BlackElo "2147"]
[PlyCount "64"]


1. e4 c6 2. d4 d5 3. Nc3 dxe4 4. Nxe4 Nf6 5. Nxf6+ exf6 6. Nf3 Bd6 7. Be2 O-O
8. O-O Bf5 9. c4 b6 10. b3 Re8 11. Bb2 Nd7 12. Qd2 Qc7 13. Rfe1 Be4 14. h3 Re7
15. b4 Rae8 16. Bc3 Nf8 17. c5 Bf4 18. Qb2 Ng6 19. b5 cxb5 20. Bxb5 Bxf3 21.
Bxe8 Nh4 22. gxf3 { } 22... Qc8 23. Bxf7+ Kf8 24. Be6 Rxe6 25. cxb6 Rxe1+ 26.
Rxe1 Qxh3 27. Qb4+ Kf7 28. Re7+ Kg6 29. Rxg7+ Kxg7 30. Qe7+ Kh6 31. Qf8+ Kg5
32. Qg8+ Ng6 0-1